Oceňovanie investícií
Použitie metódy čistého prepočítaného výnosu na komplexné ocenenie investícií. Prepočítavanie čistých výnosov pomocou diskontu (diskontovanie). Vzorec pre výpočet čistého prepočítaného výnosu. Pôsobenie faktoru rizika, stupňa likvidity a faktoru času pri oceňovaní investícií.
Salvato in:
| Autore principale: | |
|---|---|
| Natura: | Capitolo di libro |
| Lingua: | slovacco |
| Soggetti: | |
| Tags: |
Nessun Tag, puoi essere il primo ad aggiungerne!!
|
MARC
| LEADER | 00000naa a2200000 4500 | ||
|---|---|---|---|
| 001 | r000779 | ||
| 005 | 20221214064804.9 | ||
| 041 | 0 | |a slo | |
| 044 | |a SK | ||
| 245 | 1 | 0 | |a Oceňovanie investícií |c Božena Hrvoľová |
| 520 | |a Použitie metódy čistého prepočítaného výnosu na komplexné ocenenie investícií. Prepočítavanie čistých výnosov pomocou diskontu (diskontovanie). Vzorec pre výpočet čistého prepočítaného výnosu. Pôsobenie faktoru rizika, stupňa likvidity a faktoru času pri oceňovaní investícií. | ||
| 610 | 2 | 0 | |a oceňovanie ekonomické |
| 610 | 2 | 0 | |a investície |
| 610 | 2 | 0 | |a výnosy |
| 610 | 2 | 0 | |a diskont |
| 100 | 1 | |a Hrvoľová, Božena | |